000 00608nam a2200193Ia 4500
005 20250326140326.0
008 250326s9999 xx 000 0 und d
020 _a81-7629-320-2
037 _aTextbook
040 _aFMSL
_beng
_cFMSL
041 _aeng
_2eng
084 _aX:8obL:14 P2.1
_qFMSL
100 _aGoel S L
245 0 _aManagement of hospitals: hospital administration in the 21st century: hospital core services
_cGoel S L; Kumar R
260 _aNew Delhi
_bNew Delhi, Deep & Deep
_c2002
300 _axvii,342
942 _cTB
_hX:8obL:14 P2.1
999 _c1285259
_d1285259